000 00232nam a2200097Ia 4500
008 170619s9999 xx 000 0 und d
100 _aSharma- Sanjay
245 0 _aAnalog communication system
260 _bKataria and Sons
260 _c2004
546 _aENGLISH
999 _c17286
_d17286